Afghan war & the Stinger saga : (Record no. 2986)

000 -LEADER
fixed length control field 01504cam a2200349 i 4500
001 - CONTROL NUMBER
control field 17919793
003 - CONTROL NUMBER IDENTIFIER
control field OSt
005 - DATE AND TIME OF LATEST TRANSACTION
control field 20180117085954.0
008 - FIXED-LENGTH DATA ELEMENTS--GENERAL INFORMATION
fixed length control field 131028s2013 pk a 000 0 eng
010 ## - LIBRARY OF CONGRESS CONTROL NUMBER
LC control number 2013352847
020 ## - INTERNATIONAL STANDARD BOOK NUMBER
International Standard Book Number 9789699225154
025 ## - OVERSEAS ACQUISITION NUMBER
Overseas acquisition number P-E-2013352847; 28
037 ## - SOURCE OF ACQUISITION
Source of stock number/acquisition Library of Congress -- Islamabad Overseas Office
Terms of availability Rs 695.00
040 ## - CATALOGING SOURCE
Original cataloging agency DLC
Language of cataloging eng
Transcribing agency DLC
Description conventions rda
Modifying agency DLC
042 ## - AUTHENTICATION CODE
Authentication code lcode
-- pcc
043 ## - GEOGRAPHIC AREA CODE
Geographic area code a-af---
050 00 - LIBRARY OF CONGRESS CALL NUMBER
Classification number DS371.2
Item number .G43 2013
100 1# - MAIN ENTRY--PERSONAL NAME
Personal name Ghazi, Mahmood Ahmed,
Dates associated with a name 1947-
245 10 - TITLE STATEMENT
Title Afghan war & the Stinger saga :
Remainder of title how the air battle was fought and won in Afghanistan /
Statement of responsibility, etc. Lt. Col. (R) Mahmood Ahmed Ghazi T. Bt.
246 3# - VARYING FORM OF TITLE
Title proper/short title Afghan war and the Stinger saga
260 ## - PUBLICATION, DISTRIBUTION, ETC.
Place of publication, distribution, etc. Lahore
Name of publisher, distributor, etc. Ahmad publications
Date of publication, distribution, etc. 2013
300 ## - PHYSICAL DESCRIPTION
Extent 133 pages :
Other physical details color illustrations,
Dimensions 24 cm
650 #0 - SUBJECT ADDED ENTRY--TOPICAL TERM
Topical term or geographic name entry element Military assistance, American
Geographic subdivision Afghanistan.
650 #0 - SUBJECT ADDED ENTRY--TOPICAL TERM
Topical term or geographic name entry element Stinger (Missile)
651 #0 - SUBJECT ADDED ENTRY--GEOGRAPHIC NAME
Geographic name Afghanistan
General subdivision History
Chronological subdivision Soviet occupation, 1979-1989.
856 41 - ELECTRONIC LOCATION AND ACCESS
Materials specified Table of contents only
Uniform Resource Identifier <a href="http://www.loc.gov/catdir/toc/fy13pdf06/2013352847.html">http://www.loc.gov/catdir/toc/fy13pdf06/2013352847.html</a>
906 ## - LOCAL DATA ELEMENT F, LDF (RLIN)
a 7
b cbc
c origode
d 3
e ncip
f 20
g y-gencatlg
942 ## - ADDED ENTRY ELEMENTS (KOHA)
Source of classification or shelving scheme
Koha item type Book
Holdings
Withdrawn status Lost status Source of classification or shelving scheme Damaged status Not for loan Collection code Permanent Location Current Location Shelving location Date acquired Total Checkouts Full call number Barcode Date last seen Price effective from Koha item type
            Central Library (CL) Central Library (CL) General Stacks 03/31/2016   958.103 GHA S3H-S-725 03/07/2020 03/31/2016 Book
            Central Library (CL) Central Library (CL) General Stacks 03/31/2016   958.103 GHA S3H-S-724 03/31/2016 03/31/2016 Book
© 2023 Central Library, National University of Sciences and Technology. All Rights Reserved.